2020 Formula One Winners - Statistics

General Stats
  • This quiz has been taken 131 times
  • The average score is 17 of 17
Answer Stats
Race Answer % Correct
Styrian GP Lewis Hamilton
99%
Hungarian GP Lewis Hamilton
99%
British GP Lewis Hamilton
99%
Spanish GP Lewis Hamilton
99%
Belgian GP Lewis Hamilton
99%
70th Anniversary GP Max Verstappen
99%
Austrian GP Valtteri Bottas
99%
Tuscan GP Lewis Hamilton
98%
Eifel GP Lewis Hamilton
98%
Portuguese GP Lewis Hamilton
98%
Emilia Romagna GP Lewis Hamilton
98%
Turkish GP Lewis Hamilton
98%
Bahrain GP Lewis Hamilton
98%
Abu Dhabi GP Max Verstappen
98%
Russian GP Valtteri Bottas
98%
Sakhir GP Sergio Perez
95%
Italian GP Pierre Gasly
93%
No matching quizzes found
Score Distribution
Percent of People with Each Score
Percentile by Number Answered
Your Score History
You have not taken this quiz